Catalog

Record Details

Catalog Search



Walden ; and, Civil disobedience  Cover Image Book Book

Walden ; and, Civil disobedience / Henry David Thoreau ; with an introduction and notes by Jonathan Levin ; George Stade, consulting editorial director.

Thoreau, Henry David, 1817-1862 (author). Levin, Jonathan, 1960- (Added Author). Thoreau, Henry David, 1817-1862 Civil disobedience. (Added Author).

Summary:

Henry David Thoreau built his small cabin on the shore of Walden Pond in 1845. For the next two years he lived there as simply as possible, seeking "the essential facts of life" and learning to eliminate the unnecessary details-material and spiritual-that intrude upon our happiness. He described his experiences in Walden, using vivid, forceful prose that transforms his reflections on nature into richly evocative metaphors to live by. George Eliot's review of Walden singles out qualities that has attracted readers for generations, namely "a deep poetic sensibility," as well as Thoreau's own "refined [and] hardy mind." In a world obsessed with technology and luxury, Walden seems more relevant today than ever. After being imprisoned for refusing to pay Concord's poll tax, Thoreau recounted his experience in an 1848 lecture "The Rights and Duties of the Individual in Relation to Government." The speech, hardly noticed in Thoreau's lifetime, was later published as "Civil Disobedience." Today it is widely considered one of the most important essays concerning the incumbent duties of American citizens.

Record details

  • ISBN: 1593082088
  • ISBN: 9781593082086
  • Physical Description: xxxiv, 315 pages ; 21 cm.
  • Edition: Pbk. ed.
  • Publisher: New York : Barnes & Noble Classics, 2005, ©2003.

Content descriptions

Bibliography, etc. Note:
Includes bibliographical references (313-315).
Formatted Contents Note:
The World of Henry David Thoreau, Walden and "Civil Disobedience" -- Introduction by Jonathan Levin -- Walden; or, Life in the Woods -- Civil Disobedience -- Endnotes -- Inspired by Walden -- Comments & Questions -- For Further Reading.
Subject: Thoreau, Henry David, 1817-1862 > Homes and haunts > Massachusetts > Walden Woods.
Wilderness areas > Massachusetts > Walden Woods.
Natural history > Walden Woods.
Authors, American > 19th century > Biography.
Civil disobedience.
Solitude.
Loneliness
Natural history > Walden Woods.
Homes.
Manners and customs.
Walden Woods (Mass.) > Social life and customs.
Genre: Nonfiction
Politics
Philosophy
Biographies.

Available copies

  • 1 of 1 copy available at scottsboropl.

Holds

  • 0 current holds with 1 total copy.
Show Only Available Copies
Location Call Number / Copy Notes Barcode Shelving Location Status Due Date
scottsboropl 818.3 Tho 32269001253544 Adult - Nonfiction Available -

LDR 05348cam a2200889 a 4500
001163456
003SBPL
00520240611111820.0
008050616t20052003nyu b 000 0 eng d
010 . ‡a 2004102197
020 . ‡a1593082088 ‡q(pbk.)
020 . ‡a9781593082086 ‡q(pbk.)
035 . ‡a(OCoLC)60656459
035 . ‡a(OCoLC)60656459
050 4. ‡aPS3048 ‡b.A1 2005
08204. ‡a818/.303 ‡aB ‡222
1001 . ‡aThoreau, Henry David, ‡d1817-1862. : ‡eauthor
24510. ‡aWalden ; ‡band, Civil disobedience / ‡cHenry David Thoreau ; with an introduction and notes by Jonathan Levin ; George Stade, consulting editorial director.
250 . ‡aPbk. ed.
260 . ‡aNew York : ‡bBarnes & Noble Classics, ‡c2005, ©2003.
300 . ‡axxxiv, 315 pages ; ‡c21 cm.
336 . ‡atext ‡btxt ‡2rdacontent
337 . ‡aunmediated ‡bn ‡2rdamedia
338 . ‡avolume ‡bnc ‡2rdacarrier
504 . ‡aIncludes bibliographical references (313-315).
5050 . ‡aThe World of Henry David Thoreau, Walden and "Civil Disobedience" -- Introduction by Jonathan Levin -- Walden; or, Life in the Woods -- Civil Disobedience -- Endnotes -- Inspired by Walden -- Comments & Questions -- For Further Reading.
520 . ‡aHenry David Thoreau built his small cabin on the shore of Walden Pond in 1845. For the next two years he lived there as simply as possible, seeking "the essential facts of life" and learning to eliminate the unnecessary details-material and spiritual-that intrude upon our happiness. He described his experiences in Walden, using vivid, forceful prose that transforms his reflections on nature into richly evocative metaphors to live by. George Eliot's review of Walden singles out qualities that has attracted readers for generations, namely "a deep poetic sensibility," as well as Thoreau's own "refined [and] hardy mind." In a world obsessed with technology and luxury, Walden seems more relevant today than ever. After being imprisoned for refusing to pay Concord's poll tax, Thoreau recounted his experience in an 1848 lecture "The Rights and Duties of the Individual in Relation to Government." The speech, hardly noticed in Thoreau's lifetime, was later published as "Civil Disobedience." Today it is widely considered one of the most important essays concerning the incumbent duties of American citizens.
60010. ‡aThoreau, Henry David, ‡d1817-1862 ‡xHomes and haunts ‡zMassachusetts ‡zWalden Woods.
650 0. ‡aWilderness areas ‡zMassachusetts ‡zWalden Woods.
650 0. ‡3z Massachusetts ‡aNatural history ‡zWalden Woods.
650 0. ‡aAuthors, American ‡y19th century ‡vBiography.
650 0. ‡aCivil disobedience.
650 0. ‡aSolitude.
650 0. ‡aLoneliness
650 0. ‡aNatural history ‡yWalden Woods.
650 0. ‡aHomes. ‡2fast ‡0(OCoLC)fst01353235
650 0. ‡aManners and customs. ‡2fast ‡0(OCoLC)fst01007815
651 0. ‡aWalden Woods (Mass.) ‡xSocial life and customs.
655 7. ‡aNonfiction
6550 . ‡aPolitics
6550 . ‡aPhilosophy
655 7. ‡aBiographies. ‡2lcgft
7001 . ‡aLevin, Jonathan, ‡d1960-
70012. ‡aThoreau, Henry David, ‡d1817-1862. ‡tCivil disobedience.
74002. ‡aCivil disobedience.
901 . ‡a163456 ‡bAUTOGEN ‡c163456 ‡tbiblio

Additional Resources